<?xml version="1.0" encoding="UTF-8"?><?xml-stylesheet type="text/xsl" href="static/style.xsl"?><OAI-PMH xmlns="http://www.openarchives.org/OAI/2.0/" xmlns:xsi="http://www.w3.org/2001/XMLSchema-instance" xsi:schemaLocation="http://www.openarchives.org/OAI/2.0/ http://www.openarchives.org/OAI/2.0/OAI-PMH.xsd"><responseDate>2026-06-29T02:21:01Z</responseDate><request verb="GetRecord" identifier="oai:docta.ucm.es:20.500.14352/117636" metadataPrefix="marc">https://docta.ucm.es/rest/oai/request</request><GetRecord><record><header><identifier>oai:docta.ucm.es:20.500.14352/117636</identifier><datestamp>2025-02-04T01:10:29Z</datestamp><setSpec>com_20.500.14352_14</setSpec><setSpec>col_20.500.14352_15</setSpec></header><metadata><record xmlns="http://www.loc.gov/MARC21/slim" xmlns:dcterms="http://purl.org/dc/terms/" xmlns:xsi="http://www.w3.org/2001/XMLSchema-instance" xmlns:doc="http://www.lyncode.com/xoai" xsi:schemaLocation="http://www.loc.gov/MARC21/slim http://www.loc.gov/standards/marcxml/schema/MARC21slim.xsd">
   <leader>00925njm 22002777a 4500</leader>
   <datafield ind2=" " ind1=" " tag="042">
      <subfield code="a">dc</subfield>
   </datafield>
   <datafield ind2=" " ind1=" " tag="720">
      <subfield code="a">Villarejo Galende, Alberto</subfield>
      <subfield code="e">author</subfield>
   </datafield>
   <datafield ind2=" " ind1=" " tag="720">
      <subfield code="a">Llamas Velasco, Sara</subfield>
      <subfield code="e">author</subfield>
   </datafield>
   <datafield ind2=" " ind1=" " tag="720">
      <subfield code="a">Gómez Grande, Adolfo</subfield>
      <subfield code="e">author</subfield>
   </datafield>
   <datafield ind2=" " ind1=" " tag="720">
      <subfield code="a">Puertas Martín, Verónica</subfield>
      <subfield code="e">author</subfield>
   </datafield>
   <datafield ind2=" " ind1=" " tag="720">
      <subfield code="a">Contador, Israel</subfield>
      <subfield code="e">author</subfield>
   </datafield>
   <datafield ind2=" " ind1=" " tag="720">
      <subfield code="a">Sarandeses Fernández, María Del Pilar</subfield>
      <subfield code="e">author</subfield>
   </datafield>
   <datafield ind2=" " ind1=" " tag="720">
      <subfield code="a">González Sánchez, Marta</subfield>
      <subfield code="e">author</subfield>
   </datafield>
   <datafield ind2=" " ind1=" " tag="720">
      <subfield code="a">Trincado, Rocío</subfield>
      <subfield code="e">author</subfield>
   </datafield>
   <datafield ind2=" " ind1=" " tag="720">
      <subfield code="a">Pilkington, Patrick</subfield>
      <subfield code="e">author</subfield>
   </datafield>
   <datafield ind2=" " ind1=" " tag="720">
      <subfield code="a">Ruiz Solís, Sebastián</subfield>
      <subfield code="e">author</subfield>
   </datafield>
   <datafield ind2=" " ind1=" " tag="720">
      <subfield code="a">Pérez Martínez, David Andrés</subfield>
      <subfield code="e">author</subfield>
   </datafield>
   <datafield ind2=" " ind1=" " tag="720">
      <subfield code="a">Herrero San Martín, Alejandro</subfield>
      <subfield code="e">author</subfield>
   </datafield>
   <datafield ind2=" " ind1=" " tag="260">
      <subfield code="c">2016-11-04</subfield>
   </datafield>
   <datafield ind2=" " ind1=" " tag="520">
      <subfield code="a">Primary progressive aphasia (PPA) is considered a heterogeneous syndrome, with different clinical subtypes and neuropathological causes. Novel PET biomarkers may help to predict the underlying neuropathology, but many aspects remain unclear. We studied the relationship between amyloid PET and PPA variant in a clinical series of PPA patients. A systematic review of the literature was performed. Patients with PPA were assessed over a 2-year period and classified based on language testing and the International Consensus Criteria as non-fluent/agrammatic (nfvPPA), semantic (svPPA), logopenic variant (lvPPA) or as unclassifiable (ucPPA). All patients underwent a Florbetapir (18-F) PET scan and images were analysed by two nuclear medicine physicians, using a previously validated reading method. Relevant studies published between January 2004 and January 2016 were identified by searching Medline and Web of Science databases. Twenty-four PPA patients were included (13 women, mean age 68.8, SD 8.3 years; range 54–83). Overall, 13/24 were amyloid positive: 0/2 (0%) nfvPPA, 0/4 (0%) svPPA, 10/14 (71.4%) lvPPA and 3/4 (75%) ucPPA (p = 0.028). The systematic review identified seven relevant studies, six including all PPA variants and one only lvPPA. Pooling all studies together, amyloid PET positivity was 122/224 (54.5%) for PPA, 14/52 (26.9%) for nfvPPA, 6/47 (12.8%) for svPPA, 101/119 for lvPPA (84.9%) and 12/22 (54.5%) for ucPPA. Amyloid PET may help to identify the underlying neuropathology in PPA. It could be especially useful in ucPPA, because in these cases it is more difficult to predict pathology. ucPPA is frequently associated with amyloid pathology.</subfield>
   </datafield>
   <datafield ind1="8" ind2=" " tag="024">
      <subfield code="a">Villarejo-Galende, A., Llamas-Velasco, S., Gómez-Grande, A. et al. Amyloid pet in primary progressive aphasia: case series and systematic review of the literature. J Neurol 264, 121–130 (2017). https://doi.org/10.1007/s00415-016-8324-8</subfield>
   </datafield>
   <datafield ind1="8" ind2=" " tag="024">
      <subfield code="a">0340-5354</subfield>
   </datafield>
   <datafield ind1="8" ind2=" " tag="024">
      <subfield code="a">10.1007/s00415-016-8324-8</subfield>
   </datafield>
   <datafield ind1="8" ind2=" " tag="024">
      <subfield code="a">https://hdl.handle.net/20.500.14352/117636</subfield>
   </datafield>
   <datafield ind1="8" ind2=" " tag="024">
      <subfield code="a">1432-1459</subfield>
   </datafield>
   <datafield ind1="8" ind2=" " tag="024">
      <subfield code="a">https://doi.org/10.1007/s00415-016-8324-8</subfield>
   </datafield>
   <datafield ind1="8" ind2=" " tag="024">
      <subfield code="a">https://link.springer.com/article/10.1007/s00415-016-8324-8</subfield>
   </datafield>
   <datafield ind2="0" ind1="0" tag="245">
      <subfield code="a">Amyloid PET in primary progressive aphasia: case series and systematic review of the literature</subfield>
   </datafield>
</record></metadata></record></GetRecord></OAI-PMH>